Guirnaldas (bajo tierra)
Guardat en:
| Autor principal: | |
|---|---|
| Format: | Llibre |
| Idioma: | Spanish |
| Publicat: |
San José, Costa Rica
Editorial Costa Rica
2017
|
| Matèries: | |
| Etiquetes: |
Afegir etiqueta
Sense etiquetes, Sigues el primer a etiquetar aquest registre!
|
MARC
| LEADER | 00000nam a22000007a 4500 | ||
|---|---|---|---|
| 008 | 180502b xxu||||| |||| 00| 0 spa d | ||
| 040 | |a cru BVZT | ||
| 090 | |a 868 A-17.2g | ||
| 100 | |a Arias Formoso, Rodolfo | ||
| 245 | |a Guirnaldas (bajo tierra) |c Rodolfo Arias Formoso | ||
| 260 | |a San José, Costa Rica |b Editorial Costa Rica |c 2017 | ||
| 300 | |a 502 páginas | ||
| 650 | |a LITERATURA COSTARRICENSE | ||
| 650 | |a NOVELA | ||
| 999 | |c 30467 |d 30467 | ||
| 942 | |c LIB |h 868 A-17.2g |2 z | ||
